LEADER 00878nam0-22002891i-450- 001 990002048600403321 005 20150624132914.0 035 $a000204860 035 $aFED01000204860 035 $a(Aleph)000204860FED01 035 $a000204860 100 $a20030910d1987----km-y0itay50------ba 101 0 $aita 200 1 $aCatalogo della collezione ornitologica del Museo friulano di storia naturale$fRoberto Parodi 210 $aUdine$cMuseo Friulano di Storia Naturale$d1987 215 $a159 p.$d24 cm 225 1 $aPubblicazione del Museo Friulano di Storia Naturale di Udine$v31 610 0 $aMusei e Istituti 610 0 $aOrnitologia 676 $a598 700 1$aParodi,$bRoberto$087297 801 0$aIT$bUNINA$gRICA$2UNIMARC 901 $aBK 912 $a990002048600403321 952 $a61 XIII C.3/54$b455 (12/05/988)$fDAGEN 959 $aDAGEN 997 $aUNINA LEADER 01090nam0-22003491--450 001 990006130230403321 005 20230305190109.0 035 $a000613023 035 $aFED01000613023 035 $a(Aleph)000613023FED01 100 $a20000112d1991----km-y0itay50------ba 101 0 $aita 102 $aIT 105 $ay---n---001yy 200 1 $aOrdinamento delle autonomie locali$ecommento alla legge 8 giugno 1990, n. 142$ebibliografia, giurisprudenza, pareri, atti di controllo, circolari, altri documenti, schemi$fLuciano Vandelli 205 $a2. ed. 210 $aRimini$cMaggioli$d1991 215 $a588 p.$d21 cm 225 1 $aStrumenti di diritto pubblico$v5 676 $a342.4509$v19$zita 700 1$aVandelli,$bLuciano$0115586 801 0$aIT$bUNINA$gRICA$2UNIMARC 901 $aBK 912 $a990006130230403321 952 $aVI H 185$b14017*$fFGBC 952 $aVI G 654$b2235$fDDA 952 $aVI G 701$b3238$fDDA 952 $aVI G 686$b2850$fDDA 959 $aFGBC 959 $aDDA 996 $aOrdinamento delle autonomie locali$9643914 997 $aUNINA